| 000 | 00910nam a22002417a 4500 | ||
|---|---|---|---|
| 999 |
_c9652 _d9652 |
||
| 003 | AR-CdUCM | ||
| 008 | 190328b ||||| |||| 00| 0 spa d | ||
| 040 |
_aMUNICIPALIDAD PROVINCIAL DEL CUSCO _cBIBLIOTECA MUNICIPAL DEL CUSCO |
||
| 041 | _hfre | ||
| 082 |
_23ed. _a577.73 / _bM45 / 1945 |
||
| 100 |
_aMetalnikov, S. _925997 |
||
| 245 | _aLa lucha contra la muerte / | ||
| 260 |
_aBuenos Aires : _bLosada, _c1945. |
||
| 300 |
_a286 páginas ; _c19 cm. |
||
| 440 |
_aCiencia y vida. _925998 |
||
| 505 | _aContenido: Existe la inmortalidad corporal -- La vida, la estructura y la nutrición del infusorio -- Experiencias que demuestran la inmortalidad de los seres unicelulares -- La inmortalidad de la bacteria ... | ||
| 650 |
_aCiencia y vida _925999 |
||
| 650 |
_aMuerte _92924 |
||
| 650 |
_aRejuvenecimiento _926000 |
||
| 700 |
_aJiménez de Asúa, Felipe _926001 |
||
| 942 |
_2ddc _cLIBROS |
||
| 945 | _aacv | ||